| 000 | 00378 a2200157 4500 | ||
|---|---|---|---|
| 001 | 149934 | ||
| 040 | _cEscola São Tomás de Aquino | ||
| 100 | _aBONFIM, João Bosco Bezerra | ||
| 240 | 1 | 0 |
_aNo reino dos Preás _lpor |
| 245 | 1 | 0 | _aNo reino dos Preás |
| 300 | _a31 | ||
| 362 | 0 | _a2009 | |
| 440 | 1 | _aElementar | |
| 697 | _aFolclore / Adivinhações / Lendas | ||
| 942 | _cBK | ||
| 999 |
_c149934 _d149934 |
||